<?xml version="1.0" encoding="UTF-8"?>
<collection xmlns="http://www.loc.gov/MARC21/slim">
 <record>
  <leader>01577nam a2200217Ia 4500</leader>
  <controlfield tag="001">CTU_165496</controlfield>
  <controlfield tag="008">210402s9999    xx            000 0 und d</controlfield>
  <datafield tag="020" ind1=" " ind2=" ">
   <subfield code="c">6.95</subfield>
  </datafield>
  <datafield tag="082" ind1=" " ind2=" ">
   <subfield code="a">005.8</subfield>
  </datafield>
  <datafield tag="082" ind1=" " ind2=" ">
   <subfield code="b">M649</subfield>
  </datafield>
  <datafield tag="100" ind1=" " ind2=" ">
   <subfield code="a">Miller, Michael</subfield>
  </datafield>
  <datafield tag="245" ind1=" " ind2="0">
   <subfield code="a">Absolute PC security and privacy</subfield>
  </datafield>
  <datafield tag="245" ind1=" " ind2="0">
   <subfield code="c">Michael Miller</subfield>
  </datafield>
  <datafield tag="260" ind1=" " ind2=" ">
   <subfield code="a">San Francisco</subfield>
  </datafield>
  <datafield tag="260" ind1=" " ind2=" ">
   <subfield code="b">Sybex</subfield>
  </datafield>
  <datafield tag="260" ind1=" " ind2=" ">
   <subfield code="c">2002</subfield>
  </datafield>
  <datafield tag="520" ind1=" " ind2=" ">
   <subfield code="a">Have you ever engaged in high-risk Internet activities? You have if you've ever shopped, chatted with a friend, played a game or swapped an MP3 file while online. And you'll be shocked to learn how incredibly vulnerable your PC is if you're connecting via cable/DSL. Your risk of Internet attacks is likely to increase in the coming years--in both frequency and destructiveness. It's simply becoming easier for computer criminals to access and sabotage your PC, and even to steal your identity. Learn how to protect your PC from fast-spreading viruses in disguise, Internet-connection hijackers, con artists after your personal information, annoying spam e-mail and relentless pop-up advertising. Absolute PC Security and Privacy shows you how to detect security holes, reduce your chances of attack, recognize when you're under attack and stop an attack in progress.</subfield>
  </datafield>
  <datafield tag="650" ind1=" " ind2=" ">
   <subfield code="a">Computer security,Computer networks,Internet,Bảo mật máy tính,Mạnh máy tính,Internet</subfield>
  </datafield>
  <datafield tag="650" ind1=" " ind2=" ">
   <subfield code="x">Security measures,Security measures,Các biện pháp an ninh,Các biện pháp an ninh</subfield>
  </datafield>
  <datafield tag="904" ind1=" " ind2=" ">
   <subfield code="i">Trâm, Năm</subfield>
  </datafield>
  <datafield tag="980" ind1=" " ind2=" ">
   <subfield code="a">Trung tâm Học liệu Trường Đại học Cần Thơ</subfield>
  </datafield>
 </record>
</collection>
